000 00470nam a2200157 a 4500
001 000032713
005 20200930065806.0
008 110725s1939 dr ab 000 0 spa d
040 _aDO-SdBNP
_bspa
_cBNPHU
041 1 7 _aeng
100 1 _aLengweiler, Willy
_9742
245 1 0 _aRocas y minerales de la República Dominicana /
_cWilly Legweiler.
260 _aSanto Domingo :
_bImprenta Listín Diario :,
_c1939.
300 _a91 p. :
_bil., map. ;
_c22 cm.
049 _aBNPD
999 _c32204
_d32204